Recent advances in numerical methods in fluids /

Bibliographic Details
Other Authors: Taylor, C. (Cedric), Morgan, K. (Kenneth), 1945-
Format: Book
Language:English
Published: Swansea, V.K. : Pineridge Press, 1980-
Subjects:

MARC

Tag First Indicator Second Indicator Subfields
LEADER 00000cam a2200000 a 4500
001 in00000087482
005 20151008064815.0
008 801122m19809999wlka b 00100 eng
010 |a  80509591  
015 |a GB*** 
020 |a 0906674077 (v. 1) :  |c 16.00 (v.1) 
035 |a (OCoLC)06950371 
035 |9 AAK4836AM 
040 |a DLC  |c DLC  |d TXA  |d UtOrBLW 
049 |a TXAM  |v 1 [1673077] 
050 0 0 |a TA357  |b .R36 
082 0 |a 532/.051/01511  |2 19 
245 0 0 |a Recent advances in numerical methods in fluids /  |c edited by C. Taylor and K. Morgan. 
264 1 |a Swansea, V.K. :  |b Pineridge Press,  |c 1980- 
300 |a volumes :  |b illustrations ;  |c 25 cm. 
336 |a text  |b txt  |2 rdacontent 
337 |a unmediated  |b n  |2 rdamedia 
338 |a volume  |b nc  |2 rdacarrier 
504 |a Includes bibliographies and index. 
650 0 |a Fluid dynamics  |x Mathematics. 
650 0 |a Numerical calculations. 
700 1 |a Taylor, C.  |q (Cedric) 
700 1 |a Morgan, K.  |q (Kenneth),  |d 1945- 
999 |a MARS 
999 f f |s de817017-2ecb-33ba-8e49-2abff1dc5604  |i d1abe2e2-ae52-3433-b896-e9abf63525e1  |t 0 
952 f f |p ric  |a Texas A&M University  |b Rellis Campus  |c Joint Library Facility  |d Remote Storage  |t 0  |e TA357 .R36  |h Library of Congress classification  |i unmediated -- volume  |k v.1  |m A14806241758 
952 f f |p ric  |a Texas A&M University  |b Rellis Campus  |c Joint Library Facility  |d Remote Storage  |t 0  |e TA357 .R36  |h Library of Congress classification  |i unmediated -- volume  |k v.2  |m A14806326891 
998 f f |a TA357 .R36  |s v.1-v.2  |t 0  |l Remote Storage